000 00337nam a22001457a 4500
008 221005b ||||| |||| 00| 0 eng d
020 _a9780323055703
041 _aeng
080 _2seventh edition
_a159.9
082 _a159.9 SEI
100 _a24.1
101 _aPSI
245 _aPHYSICAL EXAMINATION
_cSEIDEL.H.M
942 _2udc
_cBK
999 _c58358
_d58358